[Event "Titled Tue 5th Mar Early"]
[Site "chess.com INT"]
[Date "2024.03.05"]
[Round "3"]
[White "Pultinevicius, Paulius"]
[Black "Carlsen, M."]
[Result "0-1"]
[WhiteElo "2575"]
[BlackElo "2830"]
[PlyCount "89"]
[EventDate "2024.03.05"]

1. d4 g6 2. c4 Bg7 3. e4 d6 4. Nc3 e5 5. Be3 Nc6 6. Nge2 f5 7. exf5 gxf5 8. dxe5 dxe5 9. Qxd8+ Nxd8 10. g3 ({RR} 10. f4 Nf6 11. h3 e4 12. Nd4 c6 13. Be2 Rg8 14. Kf2 Bf8 15. a3 a5 16. Rhb1 a4 17. Bd1 Ne6 18. Nxf5 Nxf4 19. Bxf4 Bxf5 20. Be3 Nd7 21. Bh5+ Kd8 22. g4 Be6 23. Nxe4 Bxc4 24. Rd1 Bd5 {Kanyamarala,T (2295)-Zenelaj,S (2255) chess.com INT 2024 0-1 (62)}) 10... c6 11. O-O-O Nf6 12. f3 $146 ({RR} 12. h3 Ne6 13. Bg2 O-O 14. Rhe1 Nd7 15. f4 e4 16. g4 Nec5 17. Rf1 Nd3+ 18. Kb1 Nf6 19. gxf5 Bxf5 20. Ng3 Bg6 21. f5 Bf7 22. b3 Rfe8 23. Ncxe4 Ne5 24. Nxf6+ Bxf6 25. Ne4 Bh4 26. Rg1 Kf8 {Carow,J (1990)-Ollenberger,R (2207) Germany 2010 ½-½ (45)}) 12... Be6 13. Bh3 h5 14. Rd6 Bf8 15. Rxe6+ Nxe6 16. Bxf5 Kf7 17. Kb1 Bh6 18. Bf2 Rhd8 19. g4 Ng7 20. Ng3 Nxf5 21. Nxf5 Bd2 22. Bh4 Bxc3 23. bxc3 Rd3 24. Rf1 Rad8 25. g5 Ne8 26. g6+ Kxg6 27. Bxd8 Kxf5 28. Ba5 Nd6 29. Kc2 Re3 30. Kb3 b6 31. c5 bxc5 32. Bc7 Nb5 33. Ba5 Nd4+ 34. Kc4 Nxf3 35. Kxc5 e4 36. c4 Ra3 37. Bc7 Rxa2 38. Kxc6 Rc2 39. c5 Ke6 40. Bd6 Nd4+ 41. Kb7 e3 42. Re1 e2 43. Bg3 Nf3 44. c6 Nxe1 45. Bxe1 0-1

[Event "Superbet Blitz 2023"]
[Site "Warsaw POL"]
[Date "2023.05.24"]
[Round "4.5"]
[White "Wojtaszek, R."]
[Black "Carlsen, M."]
[Result "1/2-1/2"]
[WhiteElo "2670"]
[BlackElo "2853"]
[PlyCount "99"]
[EventDate "2023.05.24"]
[EventType "blitz"]

1. d4 g6 2. c4 Bg7 3. e4 d6 4. Nc3 c5 5. d5 Bxc3+ 6. bxc3 e5 7. dxe6 Bxe6 8. Bf4 ({RR} 8. Nf3 Nc6 9. Be2 Nf6 10. O-O Nxe4 11. Qc2 f5 12. Rb1 b6 13. Bh6 Qf6 14. Rfe1 Ne5 15. Nxe5 dxe5 16. Bf3 Kf7 17. Bxe4 fxe4 18. Qxe4 Rad8 19. Qxe5 Qxe5 20. Rxe5 Rhe8 21. Rbe1 Bxc4 22. Rxe8 Rxe8 {Andreikin,D (3115)-Moroni,L (2897) Chess.com 2024 ½-½ (63)}) ({RR} 8. Rb1 Nf6 9. Bd3 Qe7 10. Ne2 Nc6 11. O-O Ne5 12. Nf4 b6 13. Nd5 Nxd5 14. cxd5 Bd7 15. Bc2 g5 16. a4 h5 17. Qe2 h4 18. f4 gxf4 19. Bxf4 Rg8 20. Kh1 Rg6 21. a5 b5 22. Qh5 O-O-O {Bluebaum,M (2655)-Carlsen,M (2830) chess.com INT 2024 0-1 (61)}) 8... Nc6 9. Nf3 ({RR} 9. Bxd6 Qa5 10. Qb3 Nf6 11. f3 O-O-O 12. Bf4 Rhe8 13. Bg5 Nh5 14. Bxd8 Qxd8 15. Ne2 f5 16. Rd1 Qe7 17. Qc2 Ne5 18. Kf2 Rf8 19. Kg1 Qg5 20. Ng3 f4 21. Nxh5 Nxf3+ 22. Kf2 Qh4+ 23. Ke2 Bxc4+ {Csonka,B (2476)-Bobkov,V (2204) chess.com INT 2025 0-1 (36)}) 9... Qa5 10. Qc2 Nf6 $146 ({RR} 10... O-O-O 11. Rd1 f6 12. Rxd6 Rxd6 13. Bxd6 Nh6 14. Be2 Rd8 15. Bf4 g5 16. Bc1 Qa6 17. Nxg5 fxg5 18. Bxg5 Nf7 19. Bxd8 Ncxd8 20. O-O Nd6 21. f4 Bxc4 22. Bxc4 Qxc4 23. e5 Qe4 24. Qxe4 Nxe4 25. f5 {Fernandez Fuentes,F (2051)-Gholami Orimi,M (2507) Sitges ESP 2024 ½-½ (59)}) 11. Bd3 Qc7 12. Rd1 Ng4 13. Ng5 Bd7 14. Be2 Nge5 15. Qd2 f6 16. Nf3 Be6 17. Qxd6 Qxd6 18. Rxd6 Ke7 19. Rd1 Rhd8 20. Nxe5 Nxe5 21. Bxe5 fxe5 22. f3 Rac8 23. Kf2 Rxd1 24. Rxd1 Rc6 25. Rb1 Bc8 26. Bd1 Ra6 27. a4 g5 28. Ke3 Rh6 29. h3 Ra6 30. Bc2 h5 31. Rd1 Be6 32. Rb1 Rb6 33. Rxb6 axb6 34. Bb3 h4 35. Kd3 Kd6 36. Bd1 Kc7 37. Be2 Bd7 38. Bd1 Kb8 39. Kd2 Be6 40. Be2 Ka7 41. Kc1 Ka6 42. Kb2 Ka5 43. Ka3 Bf7 44. Bd3 Be8 45. Bc2 Bd7 46. Bd1 Be6 47. Be2 Bd7 48. Bd1 Be6 49. Be2 Bd7 50. Bd1 1/2-1/2

[Event "Meltwater Tour Final 2022"]
[Site "chess24.com INT"]
[Date "2022.11.20"]
[Round "7.2"]
[White "Duda, J."]
[Black "Carlsen, M."]
[Result "0-1"]
[WhiteElo "2731"]
[BlackElo "2859"]
[PlyCount "126"]
[EventDate "2022.11.14"]

1. c4 g6 2. d4 Bg7 3. e4 d6 4. Nc3 c5 5. d5 Bxc3+ 6. bxc3 e5 7. Bd3 Nd7 8. f4 exf4 9. Bxf4 Qh4+ 10. Bg3 Qe7 11. Nf3 Nh6 12. e5 $146 ({RR} 12. h3 f6 13. O-O Nf7 14. a4 O-O 15. Ra2 Nde5 16. Raf2 Bd7 17. Nxe5 Nxe5 18. a5 Rae8 19. Be2 Kg7 20. Bh4 g5 21. Bg3 Rd8 22. h4 h6 23. h5 Rde8 24. Qc2 Bc8 25. Bh2 Qd8 26. Ra1 Re7 {Zemlyanskii,I (2343)-Kokarev,D (2600) Sochi RUS 2023 0-1 (53)}) ({RR} 12. O-O O-O 13. h3 f6 14. Qd2 Nf7 15. Rf2 Nde5 16. Nxe5 Nxe5 17. Raf1 Bd7 18. Be2 Rae8 19. Bh4 g5 20. Bg3 Kg7 21. Bh5 Nxc4 {½-½ (21) Winterberg,L (2414)-Genov,P (2408) Muelheim GER 2025}) 12... Nxe5 13. Nxe5 dxe5 14. O-O O-O 15. Qd2 Nf5 16. Bxf5 Bxf5 17. Rf2 f6 18. Raf1 Rad8 19. Qe3 b6 20. Bh4 Rd6 21. h3 Bd7 22. Rf3 Rf7 23. g4 Be8 24. g5 f5 25. Re1 e4 26. Bg3 Rd8 27. Rf2 Bd7 28. Bc7 Re8 29. Qf4 Bc8 30. Bd6 Qd8 31. Be5 Rxe5 32. Qxe5 Qxg5+ 33. Rg2 Qf6 34. Qb8 Rf8 35. Qf4 Ba6 36. h4 Bxc4 37. d6 Qxc3 38. Re3 Qd4 39. h5 Bf7 40. Kh2 Rd8 41. Reg3 Qxd6 42. Qxf5 Re8 43. hxg6 hxg6 44. Kh1 Kg7 45. Rh3 Qe6 46. Qh5 Qxh3+ 47. Qxh3 Rh8 48. Qxh8+ Kxh8 49. Rd2 Bc4 50. Rd7 Bxa2 51. Rxa7 Bc4 52. Kg1 Bd3 53. Rc7 c4 54. Rb7 c3 55. Rxb6 c2 56. Rc6 e3 57. Rc8+ Kg7 58. Kg2 g5 59. Kf3 e2 60. Kf2 g4 61. Ke1 g3 62. Rxc2 Bxc2 63. Kxe2 Bd1+ 0-1

[Event "Titled Tue 5th Mar Late"]
[Site "chess.com INT"]
[Date "2024.03.05"]
[Round "11"]
[White "Bluebaum, M."]
[Black "Carlsen, M."]
[Result "0-1"]
[WhiteElo "2655"]
[BlackElo "2830"]
[PlyCount "122"]
[EventDate "2024.03.05"]

1. d4 g6 2. c4 Bg7 3. e4 d6 4. Nc3 c5 5. d5 Bxc3+ 6. bxc3 e5 7. dxe6 Bxe6 8. Rb1 ({RR} 8. Nf3 Nc6 9. Be2 Nf6 10. O-O Nxe4 11. Qc2 f5 12. Rb1 b6 13. Bh6 Qf6 14. Rfe1 Ne5 15. Nxe5 dxe5 16. Bf3 Kf7 17. Bxe4 fxe4 18. Qxe4 Rad8 19. Qxe5 Qxe5 20. Rxe5 Rhe8 21. Rbe1 Bxc4 22. Rxe8 Rxe8 {Andreikin,D (3115)-Moroni,L (2897) Chess.com 2024 ½-½ (63)}) 8... Nf6 9. Bd3 Qe7 $146 ({RR} 9... Nc6 10. Ne2 O-O 11. O-O Ne5 12. Nf4 Bxc4 13. Bxc4 Nxc4 14. Qe2 Nb6 15. c4 Re8 16. f3 d5 17. cxd5 Nfxd5 18. Nxd5 Qxd5 19. Bb2 Qxa2 20. Qd3 Qc4 21. Qe3 Qe6 22. Ba1 Rac8 23. h4 f6 24. h5 {Bluebaum,M (2640)-Moroni,L (2558) chess.com INT 2024 1-0 (61)}) ({RR} 9... b6 10. Ne2 Nc6 11. O-O Nh5 12. f4 O-O 13. f5 Bd7 14. g4 Nf6 15. Bg5 h6 16. Bxh6 Nxg4 17. Bxf8 Qg5 18. Ng3 Rxf8 19. Be2 Nf6 20. Kh1 Ne5 21. Qxd6 Bc6 22. Bf3 Re8 23. Bg2 Nfg4 24. fxg6 {Bluebaum,M (2643)-Boyer,M (2531) chess.com INT 2025 1-0 (38)}) 10. Ne2 Nc6 11. O-O Ne5 12. Nf4 b6 13. Nd5 Nxd5 14. cxd5 Bd7 15. Bc2 g5 16. a4 h5 17. Qe2 h4 18. f4 gxf4 19. Bxf4 Rg8 20. Kh1 Rg6 21. a5 b5 22. Qh5 O-O-O 23. Bxe5 dxe5 24. d6 Qxd6 25. Rbd1 Bg4 26. Rxd6 Bxh5 27. Rd5 Rxd5 28. exd5 Ra6 29. Ra1 Kd7 30. c4 Be2 31. cxb5 Bxb5 32. Rb1 Rxa5 33. g3 hxg3 34. hxg3 Kd6 35. Be4 a6 36. Rb2 Ra4 37. Bf3 e4 38. Bg2 Kxd5 39. Rf2 Ke6 40. Rf4 e3 41. Rf3 Ra1+ 42. Kh2 e2 43. Re3+ Kd6 44. g4 e1=Q 45. Rxe1 Rxe1 46. g5 Re5 47. Kg3 Rxg5+ 48. Kf2 Rxg2+ 49. Kxg2 a5 50. Kf3 a4 51. Kf4 a3 52. Ke3 a2 53. Kf4 a1=Q 54. Ke3 Qd4+ 55. Kf3 c4 56. Kg3 c3 57. Kh2 c2 58. Kh3 c1=Q 59. Kg2 Qcc3 60. Kh1 Qdd2 61. Kg1 Qcc1# 0-1

[Event "Titled Tue 20th Feb Late"]
[Site "chess.com INT"]
[Date "2024.02.20"]
[Round "9"]
[White "Sjugirov, S."]
[Black "Carlsen, M."]
[Result "0-1"]
[WhiteElo "2695"]
[BlackElo "2830"]
[PlyCount "86"]
[EventDate "2024.02.20"]

1. e4 c5 2. Nf3 g6 3. d4 Bg7 4. c4 d6 5. Nc3 Bg4 6. dxc5 dxc5 7. Qxd8+ Kxd8 8. Be3 Bxc3+ 9. bxc3 b6 ({RR} 9... Nf6 10. Ng5 Ke8 11. h3 Bc8 12. e5 Nfd7 13. e6 fxe6 14. Nxe6 Na6 15. O-O-O Kf7 16. Ng5+ Kg7 17. Be2 h6 18. Ne4 Rf8 19. Rd2 Nf6 20. Bf3 Nxe4 21. Bxe4 Rb8 22. Rhd1 Be6 23. g3 Bxc4 24. Bf4 {Vantika,A (2392)-Garcia Martin,M (2322) New York USA 2024 ½-½ (78)}) 10. Ne5 Be6 11. a4 $146 ({RR} 11. f4 f6 12. f5 fxe5 13. fxe6 Nf6 14. Be2 Nc6 15. O-O Kc7 16. Bh6 Rhg8 17. Rad1 Rad8 18. Rxd8 Rxd8 19. Bg7 Rd2 20. Bxf6 Rxe2 21. Rd1 exf6 22. Rd7+ Kc8 23. Rd6 Rxa2 24. Rxc6+ Kd8 25. Kf1 h5 {Karaklajic,N-Forintos,G Yugoslavia 1966 0-1 (36)}) 11... a5 12. Be2 f6 13. Nd3 Bxc4 14. Nf4 Bxe2 15. Kxe2 Nd7 16. Rhd1 Kc7 17. Ne6+ Kc6 18. Ra2 h5 19. Rad2 Nf8 20. Nd8+ Kc7 21. e5 g5 22. f4 g4 23. f5 fxe5 24. Nf7 Rh7 25. Nxe5 Nf6 26. Bf4 Kb7 27. Nc4 Ne4 28. Rd3 Rf7 29. Re3 Nf6 30. Red3 Ne8 31. Be5 Rxf5 32. Rb1 Ra6 33. Rd8 Nc7 34. Rbd1 Ng6 35. Bxc7 Kxc7 36. R1d7+ Kc6 37. Na3 Ra8 38. Nb5 Rxd8 39. Rxd8 Nf4+ 40. Kf2 Nd5+ 41. Kg3 Re5 42. Rc8+ Kd7 43. Rb8 Nxc3 0-1

[Event "Titled Tue 3rd Sep Late"]
[Site "chess.com INT"]
[Date "2024.09.03"]
[Round "6"]
[White "Indjic, A."]
[Black "Carlsen, M."]
[Result "0-1"]
[WhiteElo "2611"]
[BlackElo "2832"]
[PlyCount "52"]
[EventDate "2024.09.03"]

1. d4 g6 2. e4 d6 3. c4 Bg7 4. Nc3 Nc6 5. Nge2 e5 6. Be3 f5 7. d5 Nce7 8. f3 Bh6 9. Bxh6 Nxh6 10. Qd2 Nf7 11. g3 O-O 12. Bg2 c6 13. Qe3 $146 ({RR} 13. O-O Kg7 14. Rad1 Ng8 15. dxc6 bxc6 16. f4 Nf6 17. exf5 Bxf5 18. fxe5 Nxe5 19. b3 Qb6+ 20. Kh1 Rad8 21. Nd4 Bc8 22. h3 Qa5 23. g4 Nexg4 24. hxg4 Nxg4 25. Nf3 Qh5+ 26. Kg1 c5 27. Qg5 Rxf3 {Hambleton,A (2446)-Leiva Rodriguez,J (2389) Chess.com INT 2015 1-0 (45)}) 13... cxd5 14. exd5 f4 15. gxf4 Nf5 16. Qf2 exf4 17. O-O-O Ne5 18. b3 Ne3 19. Rd4 Qb6 20. Kd2 Bf5 21. Qg1 Rae8 22. Rxf4 N5xc4+ 23. bxc4 Qb2+ 24. Ke1 Nxg2+ 25. Qxg2 Qxc3+ 26. Kf2 Rxe2+ 0-1

[Event "Titled Tue 11th Feb Early"]
[Site "chess.com INT"]
[Date "2025.02.11"]
[Round "10"]
[White "Lazavik, Denis"]
[Black "Carlsen, M."]
[Result "0-1"]
[WhiteElo "2572"]
[BlackElo "2833"]
[PlyCount "154"]
[EventDate "2025.02.11"]

1. d4 g6 2. c4 Bg7 3. e4 d6 4. Nc3 Nc6 5. d5 Nd4 6. Be3 c5 7. Nge2 Qb6 8. Na4 Qa5+ 9. Bd2 Qa6 10. Bc3 Bd7 11. b3 Bxa4 12. bxa4 Nf6 13. Ng3 $146 ({RR} 13. f3 Nxe2 14. Bxe2 O-O 15. Qb3 Nh5 16. Bxg7 Nxg7 17. O-O b6 18. Rab1 Qa5 19. Rfd1 Rad8 20. Qb5 Qc3 21. Rb3 Qe5 22. Rbb1 Nh5 23. Qb2 Qg5 24. Qd2 Qe5 25. Qb2 Qg5 26. Qd2 Qe5 27. Qb2 {½-½ (27) Kreiling,C (2141)-Doerfler,G (2170) Germany 2004}) 13... h5 14. h4 Nd7 15. Rc1 O-O 16. f4 Bh6 17. Bd2 e6 18. Kf2 Nf6 19. Kg1 Ng4 20. f5 Bxd2 21. Qxd2 Qxa4 22. dxe6 fxe6 23. Nxh5 exf5 24. Qg5 Ne5 25. Rh3 Ne6 26. Qe7 Qd7 27. Qxd7 Nxd7 28. exf5 Rxf5 29. Ng3 Re5 30. Ne2 Re8 31. Rf3 Nd4 32. Nxd4 cxd4 33. Rd1 Re4 34. Rfd3 Rxh4 35. g3 Rhe4 36. Rxd4 Rxd4 37. Rxd4 Kg7 38. Rxd6 Nc5 39. Bg2 b6 40. Rc6 Re7 41. Bd5 Kh6 42. Kg2 Kg5 43. Kf3 Nd3 44. Rc8 Ne5+ 45. Kg2 Ng4 46. a4 Re2+ 47. Kf3 Re3+ 48. Kg2 Ra3 49. Be6 Rxa4 50. Rc7 Ra2+ 51. Kf1 Ne3+ 52. Ke1 Kf6 53. Bc8 Ke5 54. c5 bxc5 55. Rxc5+ Kd4 56. Rc6 g5 57. Ba6 Nc2+ 58. Kf1 Ne3+ 59. Ke1 Nd5 60. Rg6 Ke3 61. Re6+ Kd4 62. Rg6 Nc3 63. Bb7 Rb2 64. Ba8 Rb5 65. Kf2 a5 66. Kf3 a4 67. Ra6 Rc5 68. Kg4 Kc4 69. Bf3 Kb3 70. Rb6+ Ka2 71. Ra6 a3 72. Bg2 Kb2 73. Rb6+ Rb5 74. Rxb5+ Nxb5 75. Bd5 Nd4 76. Kxg5 Nb3 77. g4 a2 0-1

[Event "Titled Tue 11th Feb Early"]
[Site "chess.com INT"]
[Date "2025.02.11"]
[Round "4"]
[White "Checa, Nicolas"]
[Black "Carlsen, M."]
[Result "0-1"]
[WhiteElo "2507"]
[BlackElo "2833"]
[PlyCount "94"]
[EventDate "2025.02.11"]

1. d4 g6 2. c4 Bg7 3. Nc3 d6 4. e4 Nc6 5. Be3 e5 6. d5 Nce7 7. Nf3 f5 8. c5 ({RR} 8. Bd3 Nf6 9. Qc2 O-O 10. h3 c6 11. dxc6 bxc6 12. Rd1 c5 13. Bg5 Nc6 14. exf5 Nd4 15. Nxd4 cxd4 16. Nd5 gxf5 17. Bxf5 Bxf5 18. Qxf5 Kh8 19. Bxf6 Bxf6 20. O-O a5 21. f4 Bg7 22. Qe4 Qh4 {Kozak,A (2595)-Carlsen,M (2831) chess.com INT 2025 ½-½ (58)}) 8... Nf6 9. Rc1 $146 ({RR} 9. cxd6 cxd6 10. Bb5+ Bd7 11. Qa4 O-O 12. Ng5 Bc8 13. f3 Nh5 14. O-O f4 15. Bf2 h6 16. Ne6 Bxe6 17. dxe6 a6 18. Bd7 Nf6 19. Rad1 Nxd7 20. Rxd6 Nf6 21. Rxd8 Rfxd8 22. Bc5 Nc6 23. Qb3 Kh8 {Santos,M (2101)-Francisco,L Lisbon 1999 1-0 (32)}) ({RR} 9. Bb5+ c6 10. cxd6 Qxd6 11. Qb3 Nxe4 12. dxc6 bxc6 13. Nxe4 fxe4 14. Ng5 Nd5 15. Nxe4 Qb4+ 16. Qxb4 Nxb4 17. Ba4 O-O 18. O-O Ba6 19. Rfd1 Bd3 20. Bb3+ Kh8 21. Nd6 e4 22. Rd2 Nd5 23. Bc5 {½-½ (23) Kunz,H (1849)-Probst,A (1928) Bayern 2014}) 9... O-O 10. cxd6 cxd6 11. Bd3 Kh8 12. O-O fxe4 13. Nxe4 Nexd5 14. Bg5 Qb6 15. Nfd2 Bg4 16. Be2 Bxe2 17. Qxe2 Qxb2 18. Rb1 Qxa2 19. Rxb7 Nxe4 20. Qxe4 Nf4 21. Bxf4 Rxf4 22. Qe3 a5 23. g3 Rf7 24. Rfb1 Rxb7 25. Rxb7 Qd5 26. Rd7 a4 27. Ne4 a3 28. Nxd6 a2 29. Nf7+ Qxf7 30. Rxf7 a1=Q+ 31. Kg2 Rf8 32. Rd7 Qa8+ 33. Kg1 Rd8 34. Qd3 Rxd7 35. Qxd7 h6 36. Qe6 Kh7 37. h4 Qf3 38. Qe7 e4 39. Qe6 e3 40. Qxe3 Qxe3 41. fxe3 Be5 42. Kg2 Kg7 43. g4 Kf6 44. Kf3 Ke6 45. Ke4 g5 46. hxg5 hxg5 47. Kf3 Kd5 0-1

[Event "Titled Tuesday intern op 27th Sep Early"]
[Site "Chess.com INT"]
[Date "2022.09.27"]
[Round "9"]
[White "Wojtaszek, Radoslaw"]
[Black "Carlsen, Magnus"]
[Result "0-1"]
[WhiteElo "2696"]
[BlackElo "2861"]
[PlyCount "72"]
[EventDate "2022.09.27"]
[EventType "swiss (blitz)"]
[EventRounds "11"]
[EventCountry "USA"]
[SourceTitle "EXT 2023"]
[Source "ChessBase"]
[SourceDate "2022.10.05"]
[SourceVersion "1"]
[SourceVersionDate "2022.10.05"]
[SourceQuality "1"]

1. e4 {Postny,Evgeny} g6 2. d4 d6 3. c4 Bg7 4. Nc3 e5 5. Nf3 Nc6 ({RR} 5... exd4 6. Nxd4 Nc6 ({RR} 6... Ne7)) 6. Bg5 ({RR} 6. d5 Nce7 7. Be2 f5 8. exf5 Nxf5 ({RR} 8... gxf5 9. Ng5 Nf6 10. Bh5+ Kf8 11. Bf7 h6 12. Ne6+ Bxe6 13. Bxe6) 9. O-O Nf6) 6... f6 ({RR} 6... Nf6 7. dxe5 dxe5 8. Qxd8+ Nxd8 9. Bxf6 Bxf6 10. Nd5) 7. Be3 Nh6 8. h3 ({RR} 8. dxe5 dxe5 9. Qxd8+ Kxd8 10. O-O-O+ Bd7 11. h3 Kc8 12. c5 Nf7 13. Bc4 Ncd8 14. b4 c6 15. Nd2 Be6 16. Be2 Bh6 17. Bxh6 Nxh6 18. Nc4 Ndf7 19. a4 Kc7) 8... Nf7 9. c5 ({RR} 9. Be2 O-O 10. O-O f5 ({RR} 10... Bd7 11. c5 exd4 12. Nxd4 dxc5 13. Nxc6 Bxc6 14. Bxc5 Nd6 15. Qb3+ Kh8 16. Bb5) 11. dxe5 dxe5 12. Qxd8 Ncxd8 ({RR} 12... Rxd8 13. Nd5 fxe4 14. Nd2) 13. Nd5 fxe4 14. Nd2 Ne6 15. Nxe4 Nf4 16. Bf3 Nxd5 17. cxd5) ({RR} 9. d5) ({RR} 9. Qd2 O-O 10. g4 Bd7 11. d5 Ne7 12. Bd3 c5 13. a4 a6 14. Nh4 Re8 15. Kf1 Qa5 16. Qc2 Rec8 17. b3 Qd8 {½-½ (17) Duong Vu Anh (2070)-Young,A (2165) Hanoi VIE 2024}) 9... dxc5 10. dxe5 ({RR} 10. dxc5 Qxd1+ 11. Rxd1 Be6) 10... Nfxe5 11. Qxd8+ $146 ({RR} 11. Bxc5 Qxd1+ 12. Rxd1 Bd7 13. Be2 O-O-O {½-½ (13) Sokolov,I (2663)-Vallejo Pons,F (2678) Sanxenxo 2004}) ({RR} 11. Nxe5 fxe5 12. Bb5 ({RR} 12. Bxc5 Qxd1+ 13. Rxd1 Bd7 14. Bc4 O-O-O) 12... Bd7 ({RR} 12... Qxd1+ 13. Rxd1 Bd7 14. Bxc5 O-O-O 15. O-O Nd4) 13. Bxc6 ({RR} 13. Qd5 Nd4 14. Bxd7+ Qxd7 15. Qxb7 O-O ({RR} 15... Nc2+ 16. Ke2 Rd8 17. Rhd1 Nd4+ 18. Kf1) 16. O-O Rfb8 17. Qa6 Rxb2 18. Rab1 Rb6 19. Qc4+ Qe6 20. Qxc5 Rab8) 13... Bxc6 14. Bxc5 Bf8 15. Bxf8 ({RR} 15. Be3 Qxd1+ 16. Rxd1 Bd6) 15... Rxf8 16. O-O ({RR} 16. Qg4 Qf6 ({RR} 16... Qe7) 17. O-O-O Rd8 18. Rxd8+ Kxd8 19. Rd1+ Ke7) 16... Qxd1 17. Rfxd1 Rd8 18. Rxd8+ Kxd8 19. Rd1+ Ke7 20. Nd5+ Bxd5 21. Rxd5 Ke6 22. f3 c6 23. Rd3 Rf7 24. Kf2 Rd7 25. Rxd7 Kxd7 {Giri,A (2784)-Carlsen,M (2862) Wijk aan Zee 2015 CBM 165 [Postny,Evgeny] ½-½}) 11... Nxd8 12. Nxe5 fxe5 13. Bxc5 Ne6 14. Be3 Nd4 15. O-O-O Be6 16. f4 O-O-O 17. g3 h5 18. h4 c6 19. Bh3 Bxh3 20. Rxh3 Ne6 21. Rhh1 Rhf8 22. Rhf1 Bh6 23. Ne2 b6 24. Rxd8+ Kxd8 25. Kc2 Ke7 26. Rf2 Kd7 27. Rf1 Ke7 28. a3 Nc7 29. Nc1 Nb5 30. Nd3 Bg7 31. Rg1 c5 32. fxe5 Rf3 33. Kd2 c4 34. Nf4 Bxe5 35. Ke2 Rxe3+ 36. Kxe3 Bd4+ 0-1

[Event "Miami FTX Crypto Cup"]
[Site "Miami"]
[Date "2022.08.19"]
[Round "5.3"]
[White "Duda, Jan Krzysztof"]
[Black "Carlsen, Magnus"]
[Result "1-0"]
[WhiteElo "2740"]
[BlackElo "2864"]
[PlyCount "86"]
[EventDate "2022.08.15"]
[EventType "tourn (rapid)"]
[EventRounds "7"]
[EventCountry "USA"]
[SourceTitle "CBM 209 Extra"]
[Source "ChessBase"]
[SourceDate "2022.09.30"]
[SourceVersion "1"]
[SourceVersionDate "2022.09.30"]
[SourceQuality "1"]

1. d4 Nf6 2. c4 g6 3. Nc3 Bg7 4. e4 d6 5. h3 e5 6. dxe5 dxe5 7. Qxd8+ Kxd8 8. Be3 ({RR} 8. Nf3 Nbd7 9. Be3 c6 10. c5 Bf8 11. Ng5 Ke8 12. Bc4 Bxc5 13. Nxf7 Rf8 14. Bxc5 Nxc5 15. Nxe5 Nfxe4 16. Nxe4 Nxe4 17. O-O-O Rf5 18. Nd3 Nd6 19. Rhe1+ Kf8 20. Bb3 Rf6 21. Nc5 Nf7 22. Ne4 Rf4 {Andreikin,D (2728)-Vitiugov,N (2727) Chess.com INT 2021 1-0 (33)}) 8... c6 9. Nf3 Nfd7 ({RR} 9... Nbd7 10. O-O-O Ke7 11. g4 ({RR} 11. c5 Ne8 12. Bc4 Nf8 ({RR} 12... f6 13. b4 Nf8 14. Rd3 h5 15. Rhd1 Bh6 16. Kb2 Bxe3 17. fxe3 h4 18. a3 Nc7 19. Rd6 Bd7 20. Nd2 Ne8 21. Rd3 Rh5 22. Nb3 Rg5 23. R1d2 Nc7 24. Na5 Rb8 25. a4 Rg3) 13. Ng5 Be6 14. Nxe6 Nxe6 15. Bxe6 fxe6 16. Rd3 Rd8 17. Rhd1 Nf6 18. b4 Rxd3 19. Rxd3 Rd8 20. Rxd8 Kxd8 21. Kc2 h6 22. Kd3 Ke7 23. Na4 Nd7 24. Nb2 b5 25. cxb6 axb6) ({RR} 11. Kc2 Ne8 12. c5 Nc7 13. b4 Ne6 14. Bc4 Ndf8 15. Rd6 Bd7 16. Rhd1 Rc8 17. a4 Nf4 18. Ng5 Nxg2 19. Bc1 Be8 20. Nxf7 Nf4 21. Nxh8 Bxh8 22. Ne2 N8e6 23. a5 a6 24. h4 Bg7 25. h5 Bh8) ({RR} 11. Be2 h5 12. g3 Ne8 13. h4 Nc7 14. Ng5 f6 15. Nh3 Bh6 16. f4 b6 17. b3 exf4 18. gxf4 Ne5 19. Kb1 Ng4 20. Bc1 Be6 21. Rdf1 Bd7 22. Ba3+ Kf7 23. Ng5+ Ke8 24. Nh3 Rd8 25. Bc1 Kf7) 11... Re8 12. Nxe5 Nxe4 13. Nxd7 Nxc3 14. Bc5+ Kd8 15. bxc3 Bxd7 16. Kb2 b6 17. Be3 Kc7 18. g5 Rad8 19. Be2 Be6 20. h4 Rxd1 21. Rxd1 Rd8 22. Bd4 Bf8 23. h5 Bd6 24. Bf6 {Gong,D (2240)-Zerafa,P (1986) Budapest HUN 2024 ½-½ (37)}) 10. O-O-O Ke7 $146 ({RR} 10... Ke8 11. h4 h5 12. g3 Nf8 13. Bh3 Bxh3 14. Rxh3 Nbd7 15. Rhh1 Bh6 16. Bxh6 Rxh6 17. Rd2 {½-½ (17) Stocek,J (2592)-Mrva,M (2494) Tatranske Zruby 2005}) 11. c5 h5 12. Bc4 Bh6 13. Bxh6 Rxh6 14. Ng5 f6 15. Nf7 Rh7 16. Nd6 Rh8 17. g4 Nxc5 18. gxh5 b5 19. b4 bxc4 20. Nxc8+ Rxc8 21. bxc5 g5 22. h4 g4 23. Rhg1 Na6 24. Rxg4 Nxc5 25. Rg7+ Ke6 26. h6 Rab8 27. h7 Rh8 28. Rdg1 Nd3+ 29. Kd1 Nxf2+ 30. Kc2 Nd3 31. Na4 Rb4 32. Rxa7 Rxh7 33. Rxh7 Rxa4 34. h5 Kd6 35. h6 Rxa2+ 36. Kc3 Kc5 37. Rb7 Rh2 38. h7 Nb4 39. Rxb4 Rh3+ 40. Kc2 Kxb4 41. Rg7 Rh2+ 42. Kc1 Kc3 43. Kd1 Kd3 1-0